Hurtado: hombre de Dios, novela biográfica
Gardado en:
| Autor Principal: | |
|---|---|
| Formato: | Libro |
| Idioma: | Lingua castelá |
| Publicado: |
Santiago
Zig-Zag
2001
|
| Subjects: | |
| Tags: |
Engadir etiqueta
Sen Etiquetas, Sexa o primeiro en etiquetar este rexistro!
|
MARC
| LEADER | 00000nam a2200000 a 4500 | ||
|---|---|---|---|
| 001 | UCN8830 | ||
| 003 | CL-VaPUC | ||
| 008 | 011123e20011100CL |||||||||||||||||spa|d | ||
| 082 | 0 | 4 | |a 922.283 |b TEL |2 21 |
| 100 | 0 | |a Téllez, Claudio |e author |9 465375 | |
| 245 | 1 | 0 | |a Hurtado: hombre de Dios, novela biográfica |
| 300 | |a 224 p | ||
| 942 | |c BK | ||
| 945 | |d 20011123 00:00:00 |a vberengu | ||
| 260 | |a Santiago |b Zig-Zag |c 2001 | ||
| 600 | 0 | |a Hurtado Cruchaga, Alberto |d 1901-1952 |9 309962 | |
| 650 | 0 | |a Biografías |9 255210 | |
| 650 | 7 | |a SACERDOTES CHILENOS |2 CL-VaPUC |9 309963 | |
| 583 | |a last modification |c 20011123 00:00:00 |k Rodrigo Vera | ||
| 999 | |c 298574 |d 298572 | ||
| 952 | |0 0 |1 0 |4 0 |6 922_283000000000000_TEL_2001 |7 0 |8 A |9 354254 |a BIBEDU |b BIBEDU |d 2019-11-21 |i 3771407 |o 922.283 TEL 2001 |p 3771407 |r 2019-11-21 |w 2019-11-21 |y BK |k CUE | ||